El Principito : (Registro nro. 37256)
[ vista simple ]
| 000 -CABECERA | |
|---|---|
| Longitud fija campo de control | 01019nam a22002898a 4500 |
| 003 - • IDENTIFICADOR DELl NÚMERO DE CONTROL | |
| Identificador del número de control | CO-ViMGA |
| 005 - • FECHA Y HORA DE LA ÚLTIMA TRANSACCIÓN | |
| Fecha y hora de la última transacción | 20230915233611.0 |
| 008 - • CÓDIGOS DE INFORMACIÓN DE LONGITUD FIJA | |
| Códigos de información de longitud fija | 151026s2014 ck a j 000 0 spa |
| 020 ## - • NÚMERO INTERNACIONAL NORMALIZADO PARA LIBROS | |
| Número Internacional Normalizado para Libros (ISBN) | 9789583045028 |
| 040 ## - FUENTE DE LA CATALOGACIÓN | |
| Centro catalogador de origen | CO-ViMGA |
| Lengua de catalogación | spa |
| Centro transcriptor | CO-ViMGA |
| 041 0# - • CÓDIGO DE LENGUA | |
| Código de lengua original | fre |
| 043 ## - CÓDIGO DE ÁREA GEOGRÁFICA | |
| Código de área geográfica | e-fr--- |
| 082 04 - • NÚMERO DE LA CLASIFICACIÓN DECIMAL DEWEY | |
| Número de clasificación (R) | I833.91 |
| Número del ítem | G65p |
| Número de edición | 21 |
| 100 1# - • PUNTO DE ACCESO PRINCIPAL-NOMBRE DE PERSONA | |
| Nombre de persona | Gonnard, Christel. |
| 245 13 - • TITULO PROPIAMENTE DICHO | |
| Título | El Principito : |
| Resto del título | el planeta de los globus / |
| Mención de responsabilidad, etc. | Christel Gonnard ; traducción Jorge Eduardo Salgar. |
| 250 ## - • MENCIÓN DE EDICIÓN | |
| Mención de edición | Editora Marcela Carrasquilla Henao. |
| 300 ## - • DESCRIPCIÓN FÍSICA | |
| Extensión | 49 páginas : |
| Otras características físicas | ilustraciones ; |
| Dimensiones | 29 cm. |
| 534 ## - • Nota De Versión Original | |
| -- | Título original : |
| Título | Le petit prince, la planẗe des globus. |
| 650 14 - • PUNTO DE ACCESO ADICIONAL DE MATERIA - TÉRMINO DE MATERIA | |
| Término de materia o nombre geográfico como elemento inicial | Cuentos infantiles franceses. |
| 650 14 - • PUNTO DE ACCESO ADICIONAL DE MATERIA - TÉRMINO DE MATERIA | |
| Término de materia o nombre geográfico como elemento inicial | Libros ilustrados para niños. |
| 650 14 - • PUNTO DE ACCESO ADICIONAL DE MATERIA - TÉRMINO DE MATERIA | |
| Término de materia o nombre geográfico como elemento inicial | Planetas |
| Subdivisión de forma | Cuentos infantiles. |
| 700 1# - • PUNTO DE ACCESO ADICIONAL - NOMBRE DE PERSONA | |
| Nombre de persona | Carrasquilla, Marcela, |
| Término indicativo de función | editora. |
| 700 1# - • PUNTO DE ACCESO ADICIONAL - NOMBRE DE PERSONA | |
| Nombre de persona | Salgar, Jorge Eduardo, |
| Término indicativo de función | traductor. |
| 942 ## - ENTRADA DE ELEMENTOS AGREGADOS (KOHA) | |
| Fuente de clasificaión o esquema | Dewey Decimal Classification |
| Koha [por defecto] tipo de item | LIbro |
| Perdido | Fuente de clasificación o esquema | Estado Físico | No para préstamo | Forma de adquisición | Localización permanente | Localización actual | Fecha adquisición | Préstamos totales | Renovaciones totales | Signatura completa | Código de barras | Fecha última consulta | Fecha último préstamo | Fecha del precio de reemplazo | Tipo de item de Koha |
|---|---|---|---|---|---|---|---|---|---|---|---|---|---|---|---|
| Dewey Decimal Classification | Sala Infantil Segundo Piso | Biblioteca Pública Germán Arciniegas - Villavicencio | Biblioteca Pública Germán Arciniegas - Villavicencio | 03/26/2020 | 1 | 1 | I833.91 G65p | 33120 | 12/15/2022 | 10/14/2022 | 03/26/2020 | LIbro | |||
| Dewey Decimal Classification | Sala Infantil Segundo Piso | Biblioteca Pública Germán Arciniegas - Villavicencio | Biblioteca Pública Germán Arciniegas - Villavicencio | 03/26/2020 | 1 | I833.91 G65p | 33121 | 10/12/2021 | 10/07/2021 | 03/26/2020 | LIbro |